[Event "Volodarskij Spring-A"]
[Site "Volodarskij"]
[Date "2007.07.04"]
[Round "11"]
[White "Nikolenko, Sergei"]
[Black "Zargarian, Ruben"]
[Result "1-0"]
[WhiteElo "2349"]
[BlackElo "2302"]
[PlyCount "57"]
[EventDate "2007.06.27"]
[EventType "tourn"]
[EventRounds "15"]
[EventCountry "RUS"]
[EventCategory "3"]
[SourceTitle "CBM 119 Extra"]
[Source "ChessBase"]
[SourceDate "2007.09.04"]
[SourceVersion "1"]
[SourceVersionDate "2007.09.04"]
[SourceQuality "1"]

1. e4 c5 2. Nf3 e6 3. d4 cxd4 4. Nxd4 Nf6 5. Nc3 Bb4 6. e5 Ne4 7. Qg4 Nxc3 8. Qxg7 Rf8 9. a3 Qa5 10. Bh6 Nc6 11. Nxc6 bxc6 12. Bd3 Be7 13. Bd2 Ba6 14. Bxc3 Qb6 15. Bxa6 Qxa6 16. Qxh7 0-0-0 17. Qd3 Qb6 18. b4 Rg8 19. 0-0 Rg5 20. Bd4 Qb7 21. f4 Rg4 22. Bc5 Bxc5+ 23. bxc5 Qb5 24. Qd4 Rdg8 25. Rf2 Qb7 26. Rd2 Rh8 27. c4 Rgh4 28. Rb2 Qc7 29. g3 1-0

[Event "Volodarskij Spring-A"]
[Site "Volodarskij"]
[Date "2007.06.29"]
[Round "3"]
[White "Tomilin, Artjom"]
[Black "Zargarian, Ruben"]
[Result "1/2-1/2"]
[WhiteElo "2365"]
[BlackElo "2302"]
[PlyCount "40"]
[EventDate "2007.06.27"]
[EventType "tourn"]
[EventRounds "15"]
[EventCountry "RUS"]
[EventCategory "3"]
[SourceTitle "CBM 119 Extra"]
[Source "ChessBase"]
[SourceDate "2007.09.04"]
[SourceVersion "1"]
[SourceVersionDate "2007.09.04"]
[SourceQuality "1"]

1. Nf3 Nf6 2. d4 e6 3. c4 c5 4. d5 exd5 5. cxd5 d6 6. Nc3 g6 7. e4 Bg7 8. Be2 0-0 9. 0-0 a6 10. a4 Bg4 11. Bf4 Qe7 12. Nd2 Bxe2 13. Qxe2 Nh5 14. Be3 Nd7 15. a5 Rfe8 16. Nc4 Rab8 17. f3 Ne5 18. Nb6 Nd7 19. Nc4 Ne5 20. Nb6 Nd7 1/2-1/2

[Event "Volodarskij Spring-A"]
[Site "Volodarskij"]
[Date "2007.06.27"]
[Round "1"]
[White "Klyashtorny, Vladislav"]
[Black "Zargarian, Ruben"]
[Result "1-0"]
[WhiteElo "2364"]
[BlackElo "2302"]
[PlyCount "63"]
[EventDate "2007.06.27"]
[EventType "tourn"]
[EventRounds "15"]
[EventCountry "RUS"]
[EventCategory "3"]
[SourceTitle "CBM 119 Extra"]
[Source "ChessBase"]
[SourceDate "2007.09.04"]
[SourceVersion "1"]
[SourceVersionDate "2007.09.04"]
[SourceQuality "1"]

1. e4 c5 2. Nf3 Nc6 3. d4 cxd4 4. Nxd4 e5 5. Nb5 d6 6. N1c3 a6 7. Na3 Nf6 8. Bg5 b5 9. Nd5 Be7 10. Bxf6 Bxf6 11. c3 0-0 12. Nc2 Rb8 13. a3 a5 14. Bd3 Be6 15. Qe2 Bxd5 16. exd5 Ne7 17. 0-0-0 Nxd5 18. Bxh7+ Kxh7 19. Rxd5 b4 20. axb4 axb4 21. Nxb4 Rxb4 22. cxb4 Qb6 23. b5 Ra8 24. Rhd1 e4 25. Qxe4+ g6 26. Rh5+ Kg7 27. Qxa8 gxh5 28. Qc6 Qxf2 29. Qc2 Qf4+ 30. Kb1 Bd4 31. Rxd4 Qxd4 32. Qc3 1-0